00396 2200133 4500001002100000005001500021035002400036090002500060245009100085260002300176300003300199990001500232990001500247YOGYA00000000000225820140822130833 0010-081400000002298 aRQ 616.462 Jef A (1) aAtlas helmintologi dan protozoologi kedokteran (atlas of ... ed.3, cet.1cJeffery, H.C aJakartabEGCc1993 avii, 77 hlm.bilus.c32.5 cm a53139-P/94 a53140-P/94